Turn Around (Record no. 20257)
[ view plain ]
| 000 -LEADER | |
|---|---|
| fixed length control field | 00286nam a22001217a 4500 |
| 082 ## - DEWEY DECIMAL CLASSIFICATION NUMBER | |
| Classification number | 306.0954 CCA |
| 100 ## - MAIN ENTRY--AUTHOR NAME | |
| Author name | CCA ASIA MISSION CONFERENCE |
| 245 ## - TITLE STATEMENT | |
| Title | Turn Around |
| 260 ## - PUBLICATION, DISTRIBUTION, ETC. (IMPRINT) | |
| Place of publication | korea |
| Name of publisher | CCA ASIA MISSION CONFERENCE |
| Year of publication | 1995 |
| 300 ## - PHYSICAL DESCRIPTION | |
| Number of Pages | 198 |
| 650 ## - SUBJECT ADDED ENTRY--TOPICAL TERM | |
| Topical Term | Pluralisim - Asia |
| 942 ## - ADDED ENTRY ELEMENTS (KOHA) | |
| Koha item type | Books |
| Home library | Current library | Date acquired | Source of acquisition | Full call number | Accession Number | Koha item type |
|---|---|---|---|---|---|---|
| Henry Martyn Institute Library | Henry Martyn Institute Library | 02/17/2017 | Dr Andreas D'Souza | 306.0954 CCA | 11-2595 | Books |
